000 00320nam a22001333 4500
001 206985
005 20250909140250.0
090 _a206985
100 _a20250909 ukry50
101 _aukr
102 _aUA
200 _a
801 _2unimarc
_aUA
_gpsbo
942 _cNEWSPAPER